[Event "Gorodets-ch"]
[Site "Gorodets"]
[Date "2011.12.16"]
[Round "11"]
[White "Dmitrievsky, Alexander"]
[Black "Isakichev, Yuri"]
[Result "0-1"]
[WhiteElo "1896"]
[BlackElo "2086"]
[PlyCount "104"]
[EventDate "2011.12.06"]
[EventType "tourn"]
[EventRounds "13"]
[EventCountry "RUS"]
[SourceTitle "EXT 2023"]
[Source "ChessBase"]
[SourceDate "2022.10.05"]
[SourceVersion "1"]
[SourceVersionDate "2022.10.05"]
[SourceQuality "1"]

1. e4 c5 2. Nc3 Nc6 3. f4 g6 4. Nf3 Bg7 5. Bc4 e6 6. f5 Nge7 7. d3 d5 8. fxg6 fxg6 9. Bb3 b5 10. a3 c4 11. Ba2 Qb6 12. Qe2 0-0 13. Bg5 b4 14. axb4 Qxb4 15. 0-0 Qxb2 16. exd5 Nxd5 17. Nxd5 exd5 18. dxc4 Nd4 19. Qd2 Nxf3+ 20. gxf3 Qd4+ 21. Kg2 Qxd2+ 22. Bxd2 Bxa1 23. Rxa1 d4 24. Bh6 Re8 25. c5+ Be6 26. Bb3 Bxb3 27. cxb3 a5 28. Bf4 Re2+ 29. Kg3 Rb2 30. c6 Rxb3 31. c7 Rb5 32. h4 Rc8 33. Ra4 Rd5 34. Rc4 d3 35. Bd2 Kf7 36. Kf4 Rd7 37. Ke3 Rcxc7 38. Rxc7 Rxc7 39. Bxa5 Rd7 40. Bd2 Ke6 41. Ke4 Rd5 42. Ke3 Kd6 43. Bb4+ Kc6 44. Bd2 Kb5 45. Ke4 Kc4 46. f4 Rd7 47. f5 gxf5+ 48. Kxf5 Re7 49. Kg5 Re2 50. Bf4 d2 51. Bxd2 Rxd2 52. Kh6 Rd7 0-1

[Event "Gorodets-ch"]
[Site "Gorodets"]
[Date "2011.12.15"]
[Round "10"]
[White "Isakichev, Yuri"]
[Black "Ryabov, Alexander"]
[Result "1-0"]
[WhiteElo "2086"]
[BlackElo "2023"]
[PlyCount "97"]
[EventDate "2011.12.06"]
[EventType "tourn"]
[EventRounds "13"]
[EventCountry "RUS"]
[SourceTitle "EXT 2023"]
[Source "ChessBase"]
[SourceDate "2022.10.05"]
[SourceVersion "1"]
[SourceVersionDate "2022.10.05"]
[SourceQuality "1"]

1. d4 Nf6 2. c4 g6 3. Nf3 Bg7 4. Nc3 0-0 5. e4 d6 6. Be2 e5 7. Be3 Nc6 8. d5 Ne7 9. Nd2 Nd7 10. b4 f5 11. f3 Nf6 12. 0-0 Nh5 13. c5 Nf4 14. Rc1 h5 15. cxd6 cxd6 16. Nb5 fxe4 17. fxe4 Nxe2+ 18. Qxe2 Bg4 19. Rxf8+ Bxf8 20. Qf2 a6 21. Nc7 Rc8 22. Bb6 Bh6 23. h3 Bd7 24. Rc2 Qf8 25. Nc4 Ba4 26. Qxf8+ Rxf8 27. Rf2 Rxf2 28. Kxf2 Nc8 29. Be3 Bxe3+ 30. Kxe3 Bd7 31. Na5 b6 32. Nb7 Bb5 33. Nxb5 axb5 34. Nd8 Kf8 35. Nc6 Kf7 36. Kf3 Kf6 37. Nb8 Ke7 38. g4 Kf6 39. gxh5 gxh5 40. Kg3 Kg5 41. Nd7 h4+ 42. Kf3 Ne7 43. Nxb6 Ng6 44. a4 bxa4 45. Nxa4 Nf4 46. b5 Nd3 47. b6 Nb4 48. b7 Na6 49. Nb2 1-0

[Event "Gorodets-ch"]
[Site "Gorodets"]
[Date "2011.12.12"]
[Round "7"]
[White "Isakichev, Yuri"]
[Black "Kalugin, Alexander"]
[Result "0-1"]
[WhiteElo "2086"]
[BlackElo "2100"]
[PlyCount "64"]
[EventDate "2011.12.06"]
[EventType "tourn"]
[EventRounds "13"]
[EventCountry "RUS"]
[SourceTitle "EXT 2023"]
[Source "ChessBase"]
[SourceDate "2022.10.05"]
[SourceVersion "1"]
[SourceVersionDate "2022.10.05"]
[SourceQuality "1"]

1. c4 Nf6 2. Nc3 g6 3. g3 Bg7 4. Bg2 0-0 5. Nf3 d6 6. 0-0 Nc6 7. d3 e5 8. Be3 Ng4 9. Bg5 f6 10. Bd2 f5 11. Bg5 Qd7 12. h3 Nf6 13. Qd2 Nd8 14. Be3 Nf7 15. Ng5 c6 16. Rac1 Nh5 17. Nxf7 Qxf7 18. Bg5 Be6 19. b4 a6 20. a4 d5 21. cxd5 cxd5 22. a5 f4 23. g4 Nf6 24. Bxf6 Bxf6 25. Na4 Qe7 26. Rc5 Rad8 27. Nb6 e4 28. Qxf4 Bd4 29. Rc7 Qh4 30. Qh2 Rxf2 31. Kh1 Rxf1+ 32. Bxf1 Qe1 0-1

[Event "Gorodets-ch"]
[Site "Gorodets"]
[Date "2011.12.10"]
[Round "5"]
[White "Isakichev, Yuri"]
[Black "Ulankov, Andrey"]
[Result "1-0"]
[WhiteElo "2086"]
[BlackElo "2114"]
[PlyCount "119"]
[EventDate "2011.12.06"]
[EventType "tourn"]
[EventRounds "13"]
[EventCountry "RUS"]
[SourceTitle "EXT 2023"]
[Source "ChessBase"]
[SourceDate "2022.10.05"]
[SourceVersion "1"]
[SourceVersionDate "2022.10.05"]
[SourceQuality "1"]

1. d4 Nf6 2. c4 c5 3. d5 e6 4. Nc3 exd5 5. cxd5 d6 6. Nf3 g6 7. Nd2 Bg7 8. Nc4 0-0 9. Bf4 Ne8 10. Qd2 a6 11. Ne4 b5 12. Ncxd6 f5 13. Nxe8 Rxe8 14. Nxc5 Qb6 15. Rc1 Rd8 16. Ne6 Bxe6 17. Bc7 Qb7 18. Bxd8 Qxd5 19. Qxd5 Bxd5 20. Ba5 Bxb2 21. Rc8+ Kf7 22. Bc7 Nd7 23. Rxa8 Bxa8 24. Bd6 Bd5 25. a3 a5 26. e3 Ke6 27. Bc7 b4 28. axb4 axb4 29. f3 Bc1 30. Kf2 b3 31. Bd3 Nc5 32. Bb1 b2 33. Ba5 Nb3 34. Bc3 Nd2 35. Bxd2 Bxd2 36. Rd1 Bb4 37. Rd4 Bc5 38. Ra4 Kd6 39. g4 fxg4 40. Rxg4 Be6 41. Rg1 Bf5 42. Bxf5 gxf5 43. Ke2 Kd5 44. Rb1 Ba3 45. Kd3 h5 46. Kc2 Kc4 47. h3 h4 48. Rd1 Bc5 49. Kxb2 Bxe3 50. Kc2 Bd4 51. Re1 Bf2 52. Re5 Kd4 53. Re8 Bg3 54. Kd2 Bc7 55. Ke2 Bg3 56. Re7 Bd6 57. Rd7 Ke5 58. Rh7 Kf4 59. Rxh4+ Kg3 60. Rh7 1-0

[Event "Gorodets-ch"]
[Site "Gorodets"]
[Date "2010.12.12"]
[Round "13"]
[White "Ulankov, Andrey"]
[Black "Isakichev, Yuri"]
[Result "1/2-1/2"]
[WhiteElo "2033"]
[BlackElo "2073"]
[PlyCount "115"]
[EventDate "2010.11.30"]
[EventType "tourn"]
[EventRounds "12"]
[EventCountry "RUS"]
[SourceTitle "EXT 2022"]
[Source "ChessBase"]
[SourceDate "2021.10.06"]
[SourceVersion "1"]
[SourceVersionDate "2021.10.06"]
[SourceQuality "1"]

1. c4 c5 2. g3 g6 3. Bg2 Bg7 4. e3 Nc6 5. Ne2 Nf6 6. Nbc3 0-0 7. 0-0 d6 8. b3 Bf5 9. d3 Nb4 10. e4 Bd7 11. d4 cxd4 12. Nxd4 Nc6 13. Bb2 Nxd4 14. Qxd4 Ng4 15. Qd2 Qa5 16. Rad1 Qh5 17. h3 Ne5 18. Nd5 Bxh3 19. Nf4 Bxg2 20. Nxh5 Nf3+ 21. Kxg2 Nxd2 22. Bxg7 Nxf1 23. Bxf8 Kxf8 24. Nf4 Nxg3 25. Kxg3 h5 26. Nd5 Rc8 27. Kf4 Rc5 28. Nc3 Rc6 29. Kg5 Kg7 30. f4 a6 31. a4 f6+ 32. Kh4 Rc8 33. Rd5 Kf7 34. Ne2 Rc7 35. Ng1 Rc8 36. Nf3 Rh8 37. e5 dxe5 38. fxe5 g5+ 39. Kg3 h4+ 40. Kh3 Kg6 41. exf6 exf6 42. Rd7 Re8 43. Nd4 Re3+ 44. Kh2 Rd3 45. b4 g4 46. Rd8 Rd2+ 47. Kg1 h3 48. b5 h2+ 49. Kh1 g3 50. Rg8+ Kf7 51. Rxg3 Rxd4 52. Rc3 Ke7 53. Kxh2 Kd6 54. bxa6 bxa6 55. Rf3 Kc5 56. Rxf6 a5 57. Ra6 Kb4 58. c5 1/2-1/2

[Event "Gorodets-ch"]
[Site "Gorodets"]
[Date "2010.12.09"]
[Round "10"]
[White "Isakichev, Yuri"]
[Black "Leukhin, Pavel"]
[Result "1/2-1/2"]
[WhiteElo "2073"]
[BlackElo "1944"]
[PlyCount "99"]
[EventDate "2010.11.30"]
[EventType "tourn"]
[EventRounds "12"]
[EventCountry "RUS"]
[SourceTitle "EXT 2022"]
[Source "ChessBase"]
[SourceDate "2021.10.06"]
[SourceVersion "1"]
[SourceVersionDate "2021.10.06"]
[SourceQuality "1"]

1. d4 d5 2. Nf3 Nf6 3. g3 Bg4 4. Bg2 Nc6 5. Ne5 Bh5 6. c4 Nxe5 7. dxe5 Nd7 8. Qxd5 c6 9. Qd3 Nxe5 10. Qf5 Qa5+ 11. Bd2 Nf3+ 12. Qxf3 Bxf3 13. Bxa5 Bxg2 14. Rg1 Bh3 15. Nd2 b6 16. Bc3 Bf5 17. e4 Bg6 18. 0-0-0 f6 19. f4 e6 20. g4 Bc5 21. Rge1 0-0-0 22. f5 Bf7 23. e5 fxe5 24. Rxe5 exf5 25. Rxf5 Bg6 26. Re5 Rd7 27. Rde1 Rhd8 28. Re6 Bd4 29. Nf3 Bxc3 30. bxc3 Rd3 31. R6e3 Kc7 32. Nd4 Kd6 33. Re6+ Kd7 34. Re7+ Kc8 35. Kb2 Rd7 36. Nxc6 a5 37. Nd4 Rd2+ 38. Kb3 Rxh2 39. R1e6 Rh1 40. Nf5 Bxf5 41. gxf5 h5 42. Rxd7 Kxd7 43. Rg6 h4 44. Kb2 h3 45. Rxg7+ Kd6 46. f6 h2 47. Rh7 Ke6 48. f7 Ke7 49. a4 Kf8 50. Ka2 1/2-1/2

[Event "Gorodets-ch"]
[Site "Gorodets"]
[Date "2010.12.04"]
[Round "5"]
[White "Isakichev, Yuri"]
[Black "Kalugin, Alexander"]
[Result "1-0"]
[WhiteElo "2073"]
[BlackElo "2115"]
[PlyCount "123"]
[EventDate "2010.11.30"]
[EventType "tourn"]
[EventRounds "12"]
[EventCountry "RUS"]
[SourceTitle "EXT 2022"]
[Source "ChessBase"]
[SourceDate "2021.10.06"]
[SourceVersion "1"]
[SourceVersionDate "2021.10.06"]
[SourceQuality "1"]

1. d4 Nf6 2. Nf3 g6 3. c4 Bg7 4. Nc3 0-0 5. e4 d6 6. Be2 e5 7. Be3 Nc6 8. d5 Ne7 9. Nd2 a5 10. a3 Ne8 11. b4 f5 12. f3 Nf6 13. 0-0 Nh5 14. c5 fxe4 15. fxe4 Nf4 16. cxd6 cxd6 17. Rc1 axb4 18. axb4 Bd7 19. Nb5 Bxb5 20. Bxb5 Bh6 21. Kh1 Ra3 22. Nc4 Rxe3 23. Nxe3 Qb6 24. Ng4 Bg5 25. Bd7 Qxb4 26. Nf2 Rd8 27. Qg4 Bf6 28. Be6+ Kg7 29. g3 h5 30. Qf3 Nxe6 31. dxe6 Rf8 32. Nh3 b5 33. Ng5 Qa5 34. h4 Qb6 35. Nf7 Ng8 36. g4 hxg4 37. Qxg4 Nh6 38. Nxh6 Kxh6 39. Rg1 Rg8 40. h5 Qf2 41. Rc7 Qh4+ 42. Qxh4 Bxh4 43. hxg6 Rxg6 44. Rxg6+ Kxg6 45. Rd7 Kf6 46. Rxd6 b4 47. Rb6 b3 48. Rxb3 Kxe6 49. Rb6+ Kd7 50. Kg2 Be1 51. Kf3 Bc3 52. Ke2 Ke7 53. Kd3 Ba1 54. Kc4 Kf7 55. Kd5 Bd4 56. Rb3 Ba1 57. Rf3+ Ke8 58. Kd6 Bb2 59. Ke6 Bd4 60. Rh3 Kf8 61. Rh7 Bc3 62. Rf7+ 1-0

[Event "Gorodets-ch"]
[Site "Gorodets"]
[Date "2009.12.22"]
[Round "10"]
[White "Isakichev, Yuri"]
[Black "Nenaezdnikov, Vladimir"]
[Result "1-0"]
[WhiteElo "2061"]
[BlackElo "2137"]
[PlyCount "99"]
[EventDate "2009.12.13"]
[EventType "tourn"]
[EventRounds "12"]
[EventCountry "RUS"]
[SourceTitle "EXT 2022"]
[Source "ChessBase"]
[SourceDate "2021.10.06"]
[SourceVersion "1"]
[SourceVersionDate "2021.10.06"]
[SourceQuality "1"]

1. d4 Nf6 2. c4 g6 3. g3 Bg7 4. Bg2 0-0 5. Nf3 d6 6. 0-0 Nc6 7. Nc3 e5 8. d5 Na5 9. Nd2 c5 10. dxc6 Nxc6 11. Nde4 Ne8 12. Nb5 Nd4 13. Nxd4 exd4 14. Qb3 Qc7 15. Bf4 Be6 16. Rac1 h6 17. Qa3 g5 18. Bxd6 Nxd6 19. Nxd6 Rab8 20. Rfd1 a6 21. c5 Rfd8 22. b4 Qe7 23. Rd2 h5 24. e3 g4 25. Re1 dxe3 26. fxe3 h4 27. Bd5 hxg3 28. hxg3 Be5 29. e4 Qf6 30. Rh2 Bd4+ 31. Kh1 Bc3 32. Rg1 Qf3+ 33. Rgg2 Kg7 34. Qc1 Kf8 35. Bxe6 fxe6 36. Rh7 Kg8 37. Qh6 Qf6 38. Qh5 Rf8 39. Rh6 Qe7 40. Qxg4+ Bg7 41. e5 Rf5 42. Nxf5 exf5 43. Qg6 Qxe5 44. Qe6+ Qxe6 45. Rxe6 Kf7 46. Rb6 Rh8+ 47. Kg1 Bd4+ 48. Kf1 Rh1+ 49. Ke2 Rb1 50. Kd3 1-0

[Event "Gorodets-ch"]
[Site "Gorodets"]
[Date "2009.12.16"]
[Round "4"]
[White "Ryabov, Alexander"]
[Black "Isakichev, Yuri"]
[Result "1-0"]
[WhiteElo "1964"]
[BlackElo "2061"]
[PlyCount "87"]
[EventDate "2009.12.13"]
[EventType "tourn"]
[EventRounds "12"]
[EventCountry "RUS"]
[SourceTitle "EXT 2022"]
[Source "ChessBase"]
[SourceDate "2021.10.06"]
[SourceVersion "1"]
[SourceVersionDate "2021.10.06"]
[SourceQuality "1"]

1. e4 c5 2. Nf3 Nc6 3. d4 cxd4 4. Nxd4 e5 5. Nb5 d6 6. N1c3 a6 7. Na3 b5 8. Nd5 Nce7 9. c4 Nxd5 10. cxd5 f5 11. exf5 Bxf5 12. Be2 Nf6 13. 0-0 Be7 14. Be3 0-0 15. Nc2 Bxc2 16. Qxc2 Qd7 17. Rfd1 Rfc8 18. Qb3 Ne4 19. Rac1 Rxc1 20. Rxc1 Rc8 21. Rc6 g6 22. Qc2 Nc5 23. Rxc8+ Qxc8 24. b4 Qf5 25. Qxf5 gxf5 26. bxc5 dxc5 27. f4 e4 28. g4 Kf7 29. Kf1 Ke8 30. gxf5 Kd7 31. Bh5 Kd6 32. Bf7 Bf6 33. Ke2 h6 34. Be6 a5 35. Kd2 a4 36. Kc2 Bg7 37. Bc1 b4 38. Bb2 Bd4 39. Bxd4 cxd4 40. f6 d3+ 41. Kd2 b3 42. f7 Ke7 43. d6+ Kxe6 44. f8Q 1-0

[Event "Gorodets-ch"]
[Site "Gorodets"]
[Date "2009.01.05"]
[Round "4"]
[White "Isakichev, Yuri"]
[Black "Kochnev, Victor"]
[Result "1-0"]
[WhiteElo "2110"]
[BlackElo "2208"]
[PlyCount "59"]
[EventDate "2009.01.02"]
[EventType "tourn"]
[EventRounds "13"]
[EventCountry "RUS"]
[SourceTitle "EXT 2022"]
[Source "ChessBase"]
[SourceDate "2021.10.06"]
[SourceVersion "1"]
[SourceVersionDate "2021.10.06"]
[SourceQuality "1"]

1. d4 c5 2. d5 e6 3. c4 exd5 4. cxd5 d6 5. Nc3 Nf6 6. e4 g6 7. Nf3 Bg7 8. Bb5+ Nfd7 9. Bd3 0-0 10. 0-0 a6 11. a4 b6 12. Bf4 Qc7 13. h3 Re8 14. Re1 Ne5 15. Nxe5 Bxe5 16. Bxe5 Rxe5 17. f4 Re8 18. Bc4 Nd7 19. e5 Bb7 20. Qb3 Kg7 21. Rad1 f5 22. g4 dxe5 23. d6 Qd8 24. Nd5 Qh4 25. fxe5 fxg4 26. e6 gxh3 27. Qc3+ Nf6 28. Qxf6+ Qxf6 29. Nxf6 Kxf6 30. d7 1-0